| 000 | 00823nam a22003137a 4500 | ||
|---|---|---|---|
| 001 | 0002920 | ||
| 003 | KOHA_MİRAKIL | ||
| 005 | 20260207001324.0 | ||
| 007 | ta | ||
| 008 | 090312b1999 tu |||gr||||#||||0|tur | | ||
| 020 | _a9757351156 | ||
| 040 |
_aTR-BiSEU _btur _cTR-BiSEU _erda |
||
| 041 | 0 | _atur | |
| 044 | _ctu | ||
| 050 |
_aHD31 _b.C36 1999 |
||
| 100 | 1 | _aCan, Halil. | |
| 245 | 1 |
_aOrganizasyon ve yönetim/ _cHalil Can ; Halil Can. |
|
| 250 | _a5. bs. | ||
| 264 | 1 |
_aAnkara : _bSiyasal Kitabevi _c1999 |
|
| 300 | _aX, 342 sayfa: resimli | ||
| 336 |
_ametin _btxt _2rdacontent |
||
| 337 |
_aaracısız _bn _2rdamedia |
||
| 338 |
_acilt _bnc _2rdacarrier |
||
| 500 | _aKaynakça var. | ||
| 650 | 0 |
_aYönetim. _93705 |
|
| 650 | 0 |
_aOrganizasyon. _96609 |
|
| 650 | 0 |
_aManagement. _94546 |
|
| 942 |
_2lcc _cBK |
||
| 999 |
_c2907 _d2907 |
||